Property transactions (Record no. 106785)

MARC details
000 -LEADER
fixed length control field 01473cam a22003135a 4500
001 - CONTROL NUMBER
control field L137441
008 - FIXED-LENGTH DATA ELEMENTS--GENERAL INFORMATION
fixed length control field 070405s2007 xxk f 000 0 eng d
020 ## - INTERNATIONAL STANDARD BOOK NUMBER
International Standard Book Number 0421917601
-- 9780421917606
035 ## - SYSTEM CONTROL NUMBER
System control number (Sirsi) u137441
041 0# - LANGUAGE CODE
Language code of text/sound track or separate title eng
050 04 - LIBRARY OF CONGRESS CALL NUMBER
Classification number 346.41043 $2 18
100 1# - MAIN ENTRY--PERSONAL NAME
Personal name Soloman, Gary
245 00 - TITLE STATEMENT
Title Property transactions
Remainder of title planning and environment
260 ## - PUBLICATION, DISTRIBUTION, ETC.
Place of publication, distribution, etc. London
Name of publisher, distributor, etc. Sweet and Maxwell
Date of publication, distribution, etc. 2006
300 ## - PHYSICAL DESCRIPTION
Extent xxvi, 491p.
Dimensions 22cm.
350 ## - PRICE (NR) (BK AM CF MU VM SE) [OBSOLETE]
Price 79
490 #0 - SERIES STATEMENT
Series statement Sweet and Maxwell Practitioner Series
505 2# - FORMATTED CONTENTS NOTE
Formatted contents note Initial considerations -- Planning and environmental information -- Drafting documentation -- Additional considerations -- Post-transactional issues -- Precedents and appendices
520 ## - SUMMARY, ETC.
Summary, etc. Offers practical guidance on residential and property transactions. Includes advice on share and asset purchases which include property. Arranged according to workflow chronology. Covers infrastructure agreements, contaminated land liabilities, environmental insurance, due diligence reports, risk management of potential liabilities, and public rights of way. Lists precedents. The law is stated at 31 August 2006. Legislation and case law.
590 ## - LOCAL NOTE (RLIN)
Local note KA
650 24 - SUBJECT ADDED ENTRY--TOPICAL TERM
Topical term or geographic name entry element ASBESTOS
650 24 - SUBJECT ADDED ENTRY--TOPICAL TERM
Topical term or geographic name entry element COMPULSORY PURCHASE
650 24 - SUBJECT ADDED ENTRY--TOPICAL TERM
Topical term or geographic name entry element ENVIRONMENTAL SEARCHES
650 24 - SUBJECT ADDED ENTRY--TOPICAL TERM
Topical term or geographic name entry element PLANNING AND COMPULSORY PURCHASE ACT 2004
651 #4 - SUBJECT ADDED ENTRY--GEOGRAPHIC NAME
Geographic name England and Wales
690 ## - LOCAL SUBJECT ADDED ENTRY--TOPICAL TERM (OCLC, RLIN)
Topical term or geographic name as entry element Planning and development
9 (RLIN) 6259
700 1# - ADDED ENTRY--PERSONAL NAME
Personal name Messent, Georgie
942 ## - ADDED ENTRY ELEMENTS (KOHA)
Suppress in OPAC 0
Source of classification or shelving scheme Dewey Decimal Classification
Holdings
Withdrawn status Lost status Source of classification or shelving scheme Damaged status Not for loan Home library Current library Shelving location Date acquired Cost, normal purchase price Total Checkouts Full call number Barcode Date last seen Date last checked out Copy number Cost, replacement price Price effective from Koha item type
    Dewey Decimal Classification     London London Books 26/04/2007 67.15 5 346.41043 SOL 30072319 28/06/2023 29/08/2009 1 67.15 06/08/2019 Book